书目信息 |
| 题名: |
小氮肥厂生产分析规程
|
|
| 作者: | 中国氮肥工业协会 组织编写 | |
| 分册: | ||
| 出版信息: | 北京 化学工业出版社 1996.09 |
|
| 页数: | 725页 | |
| 开本: | 32开 | |
| 丛书名: | ||
| 单 册: | ||
| 中图分类: | TQ441-65 | |
| 科图分类: | ||
| 主题词: | 氮肥 | |
| 电子资源: | ||
| ISBN: | 7-5025-1669-7 | |
| 000 | 00634nam0 2200193 45 | |
| 001 | 0011160763 | |
| 005 | 20001116074518.1 | |
| 010 | @a7-5025-1669-7@d38.00元 | |
| 100 | @a20001116d1996 km y0chiy0120 ea | |
| 101 | 0 | @achi |
| 105 | @a z 000yy | |
| 200 | 1 | @a小氮肥厂生产分析规程@AXiao Dan Fei Chang Sheng Chan Fen Xi Gui Cheng@f中国氮肥工业协会组织编写@FZhong Guo Dan Fei Gong Ye Xie Hui Zu Zhi Bian Xie |
| 210 | @a北京@c化学工业出版社@d1996.09 | |
| 215 | @a725页@d32开 | |
| 606 | 0 | @a氮肥 |
| 690 | @aTQ441-65@v3 | |
| 701 | 0 | @a中国氮肥工业协会@4组织编写 |
| 801 | @aCN@bPftUser@c20001116 | |
| 905 | @b410617-618@dTQ441-65@eZH:007@f2 | |
| 小氮肥厂生产分析规程/中国氮肥工业协会组织编写.-北京:化学工业出版社,1996.09 |
| 725页;32开 |
| ISBN 7-5025-1669-7:38.00元 |
| ● |
| 相关链接 |
|
|
|
正题名:小氮肥厂生产分析规程
索取号:TQ441-65/ZH:007
 
预约/预借
| 序号 | 登录号 | 条形码 | 馆藏地/架位号 | 状态 | 备注 |
| 1 | 410617 | 204106172 | 自科库501/501自科库 39排5列5层/ [索取号:TQ441-65/ZH:007] | 在馆 | |
| 2 | 410618 | 204106181 | 自科库501/501自科库 39排5列5层/ [索取号:TQ441-65/ZH:007] | 在馆 |